Los seglares en la Iglesia /

Gardado en:
Detalles Bibliográficos
Outros autores: Valle, Ambrosio G. del (dirección) (dirección)
Formato: Libro
Idioma:Lingua castelá
Publicado: Miami, EUA : Agrupación Católica Universitaria, 1965
Etiquetas: Engadir etiqueta
Sen Etiquetas, Sexa o primeiro en etiquetar este rexistro!

MARC

LEADER 00000nam^a2200000^a^4500
001 000578160
005 20250521000000.0
009 20260310132504.057
037 |a Acervo Xavier Clavigero 
041 |a ESP 
091 |a FIP. 01098 
245 0 0 |a Los seglares en la Iglesia / 
264 1 |a Miami, EUA :  |b Agrupación Católica Universitaria,  |c 1965 
300 |a 19 p. 
336 |a texto  |b txt  |2 rdacontenido 
337 |a sin mediación  |b n  |2 rdamedio 
338 |a volumen  |b nc  |2 rdasoporte 
649 |a XX 
700 |a Valle, Ambrosio G. del  |e (dirección) 
910 |a Fondo Manuel Ignacio Pérez Alonso S.J. 
920 |a Impresos - Libros 
930 |a Fondos Especiales 
905 |a 140 
901 |a 0500405221  |b IT2  |c ESP  |i D  |u 20250521 
902 |a https://opac.biblio.iteso.mx/vufind/Record/000578160